North American Sports Cities by Numbers - Statistics

General Stats
  • This quiz has been taken 33 times
  • The average score is 31 of 49
Answer Stats
Metro Area # % Correct
Detroit 4
100%
Ottawa 1
92%
Philadelphia 4
92%
Portland 1
88%
Buffalo 2
88%
Seattle 3
88%
Memphis 1
84%
Cleveland 3
84%
Columbus 1
72%
Las Vegas 2
72%
Milwaukee 2
72%
Toronto 3
72%
Pittsburgh 3
72%
Denver 4
72%
Minneapolis 4
72%
Oklahoma City 1
68%
St. Louis 2
68%
Indianapolis 2
68%
Houston 3
68%
Tampa 3
68%
Dallas 4
68%
Orlando 1
64%
Sacramento 1
64%
Winnipeg 1
64%
Salt Lake City 2
64%
Cincinnati 2
64%
Baltimore 2
64%
Atlanta 3
64%
Vancouver 1
60%
Montreal 1
56%
San Antonio 1
56%
Nashville 2
56%
New Orleans 2
56%
Miami 4
56%
Chicago 5
56%
Raleigh 1
48%
Boston 4
48%
Green Bay 1
44%
Edmonton 1
44%
Calgary 1
44%
Washington D.C. 4
44%
New York / Northern NJ 9
44%
Jacksonville 1
40%
San Diego 1
40%
Kansas City 2
40%
Phoenix 3
40%
Charlotte 2
36%
San Francisco / San Jose 4
36%
Los Angeles / Anaheim 8
32%
No matching quizzes found
Score Distribution
Percent of People with Each Score
Percentile by Number Answered
Your Score History
You have not taken this quiz